header

The enigmas of Easter Island (Record no. 134733)

MARC details
000 -LEADER
fixed length control field 01727nam a2200421 a 4500
082 04 - DEWEY DECIMAL CLASSIFICATION NUMBER
Classification number 996.18
100 1# - MAIN ENTRY--AUTHOR NAME
Personal name Flenley, John.
245 14 - TITLE STATEMENT
Title The enigmas of Easter Island
250 ## - EDITION STATEMENT
Edition statement [2nd ed.].
260 ## - PUBLICATION, DISTRIBUTION, ETC. (IMPRINT)
Place of publication Oxford :
Name of publisher Oxford University Press,
Year of publication 2003.
300 ## - PHYSICAL DESCRIPTION
Number of Pages xvii, 256 p., [8] p. of plates :
Other physical details ill. (some col.), maps.
500 ## - GENERAL NOTE
General note Previous ed. published as: Easter Island Earth Island. London : Thames & Hudson, 1992.
505 0# - FORMATTED CONTENTS NOTE
Formatted contents note pt. 1. The original 'boat people' -- pt. 2. Ancestors of stone : a petrified dream -- pt. 3. The aftermath.
650 #0 - SUBJECT ADDED ENTRY--TOPICAL TERM
Topical Term Prehistoric peoples
Topical Term Sculpture, Prehistoric
700 1# - ADDED ENTRY--PERSONAL NAME
Personal name Bahn, Paul G.
856 40 - ELECTRONIC LOCATION AND ACCESS
Uniform Resource Identifier http://site.ebrary.com/lib/rucke/Doc?id=10537845

No items available.

© 2026 Rongo University
Contact us: librarian | system librarian | Rongo university